Online
Catalog

Obras completas de Don J. V. Lastarria. (Record no. 1159)

MARC details
000 -CABECERA
campo de control de longitud fija 00841cam a22002411a 4500
001 - NÚMERO DE CONTROL
campo de control 000001209
005 - FECHA Y HORA DE LA ÚLTIMA TRANSACCIÓN
campo de control 20200929145516.0
008 - DATOS DE LONGITUD FIJA--INFORMACIÓN GENERAL
campo de control de longitud fija 840302m19069999cl c a 000 0 spa
040 ## - FUENTE DE LA CATALOGACIÓN
Centro catalogador/agencia de origen DO-SdBNP
-- spa
Centro/agencia transcriptor BNPHU
082 ## - NÚMERO DE LA CLASIFICACIÓN DECIMAL DEWEY
Número de documento/Ítem L349o
100 1# - ENTRADA PRINCIPAL--NOMBRE DE PERSONA
Nombre de persona Lastarria, Jose Victorino,
Fechas asociadas al nombre 1817-1888.
9 (RLIN) 4131
245 10 - MENCIÓN DE TÍTULO
Título Obras completas de Don J. V. Lastarria.
250 ## - MENCIÓN DE EDICIÓN
Mención de edición Ed. oficial.
260 ## - PUBLICACIÓN, DISTRIBUCIÓN, ETC.
Lugar de publicación, distribución, etc. Santiago de Chile :
Nombre del editor, distribuidor, etc. Barcelona,
Fecha de publicación, distribución, etc. 1906.
300 ## - DESCRIPCIÓN FÍSICA
Extensión 1 v. : ;
Dimensiones 26 cm.
585 ## - NOTA DE EXPOSICIONES
Nota de exposiciones Pertenecio a la colección de Federico Henrìquez y Carbajal.
650 #0 - PUNTO DE ACCESO ADICIONAL DE MATERIA--TÉRMINO DE MATERIA
Término de materia o nombre geográfico como elemento de entrada Political science.
9 (RLIN) 4132
650 #0 - PUNTO DE ACCESO ADICIONAL DE MATERIA--TÉRMINO DE MATERIA
Término de materia o nombre geográfico como elemento de entrada Constitutional law.
9 (RLIN) 4133
651 #0 - PUNTO DE ACCESO ADICIONAL DE MATERIA--NOMBRE GEOGRÁFICO
Nombre geográfico Chile
Subdivisión general Politics And Government.
9 (RLIN) 4134
650 #0 - PUNTO DE ACCESO ADICIONAL DE MATERIA--TÉRMINO DE MATERIA
Término de materia o nombre geográfico como elemento de entrada Constitutional history
Subdivisión geográfica Chile.
9 (RLIN) 4135
651 #0 - PUNTO DE ACCESO ADICIONAL DE MATERIA--NOMBRE GEOGRÁFICO
Nombre geográfico Latin America
Subdivisión general History.
9 (RLIN) 4136
700 1# - PUNTO DE ACCESO ADICIONAL--NOMBRE DE PERSONA
Nombre de persona Fuenzalida Grandon, Alejandro, [from old catalog]
Término indicativo de función/relación ed.
9 (RLIN) 4137
Holdings
Estado de retiro Estado de pérdida Restricciones de uso No para préstamo Código de colección Localización permanente Ubicación/localización actual Ubicación en estantería Fecha de adquisición Número de inventario Total de préstamos Signatura topográfica completa Código de barras Fecha visto por última vez Precio válido a partir de Tipo de ítem Koha Nota pública
    Préstamo interno Préstamo en sala Dominicana de Servicio Biblioteca Nacional Pedro Henríquez Ureña Biblioteca Nacional Pedro Henríquez Ureña Depósito 22.09.2009 LF1   L349o 1209-10 25.06.2020 25.06.2020 Libros y folletos Pertenecio a la colección de Federico Henrìquez y Carbajal

Powered by Koha